[Event "Wch U12 Girls"]
[Site "Batumi"]
[Date "2016.10.24"]
[Round "6"]
[White "Lele, Emili"]
[Black "Velea, Anne Marie"]
[Result "0-1"]
[WhiteElo "1128"]
[BlackElo "1350"]
[PlyCount "84"]
[EventDate "2016.10.19"]
[EventType "swiss"]
[EventRounds "11"]
[EventCountry "GEO"]
[SourceTitle "EXT 2018"]
[Source "ChessBase"]
[SourceDate "2017.10.13"]
[SourceVersion "1"]
[SourceVersionDate "2017.10.13"]
[SourceQuality "1"]

1. d4 d5 2. c4 e6 3. Nc3 Nf6 4. Bg5 Be7 5. e3 0-0 6. Bd3 Nbd7 7. Nge2 b6 8. 0-0 Bb7 9. Qc2 c5 10. h3 Rc8 11. b3 h6 12. Bh4 a6 13. Qd2 Re8 14. Rac1 Bc6 15. cxd5 Nxd5 16. Bxe7 Qxe7 17. Bxa6 Ra8 18. Bd3 Ra3 19. Nxd5 Bxd5 20. Rfd1 Rea8 21. Rc2 Nf6 22. Nc3 Bc6 23. dxc5 bxc5 24. Re1 Qa7 25. e4 Nd7 26. Bb5 Qb6 27. Bxc6 Qxc6 28. Rd1 Nb6 29. Qd6 Rc8 30. Qxc6 Rxc6 31. Nb5 Ra5 32. a4 Kf8 33. Kf1 Ke7 34. Ke2 Ra8 35. Nd4 Rc7 36. Nf3 Rac8 37. Rdc1 c4 38. bxc4 Nxa4 39. Ra2 Rxc4 40. Rxc4 Rxc4 41. Nd2 Rb4 42. f3 Nc3+ 0-1

[Event "Wch U12 Girls"]
[Site "Batumi"]
[Date "2016.10.20"]
[Round "2"]
[White "De Rycke, Tyani"]
[Black "Lele, Emili"]
[Result "1-0"]
[WhiteElo "1403"]
[BlackElo "1128"]
[PlyCount "67"]
[EventDate "2016.10.19"]
[EventType "swiss"]
[EventRounds "11"]
[EventCountry "GEO"]
[SourceTitle "EXT 2018"]
[Source "ChessBase"]
[SourceDate "2017.10.13"]
[SourceVersion "1"]
[SourceVersionDate "2017.10.13"]
[SourceQuality "1"]

1. e4 e5 2. Nf3 Nc6 3. Bc4 Bc5 4. d3 Nf6 5. Bg5 h6 6. Bh4 d6 7. h3 0-0 8. c3 Re8 9. a4 a6 10. b4 Ba7 11. Qb3 Be6 12. Nbd2 b5 13. axb5 axb5 14. Bd5 Bxf2+ 15. Kxf2 Rxa1 16. Rxa1 Kh8 17. c4 bxc4 18. dxc4 Bxd5 19. cxd5 Nd4 20. Qd3 Qe7 21. Ra7 Qd8 22. Bxf6 Qxf6 23. Rxc7 g5 24. Kg1 Nxf3+ 25. Qxf3 Qxf3 26. Nxf3 Kg8 27. Rb7 Ra8 28. Nd2 Ra1+ 29. Kh2 Rd1 30. Nc4 Rd4 31. Nxd6 f6 32. Kg3 Rd3+ 33. Kf2 Rb3 34. b5 1-0